000 00529nam a22001817a 4500
005 20251031111556.0
008 251031b |||||||| |||| 00| 0 eng d
040 _aMAIN
082 _a576
_bS58E
100 _aSimran Rani
245 _aEvaluating the role of biopriming and nanopriming to mitigate drought stress in cicer arietinum
260 _bDepartment of Microbiology, M D University, Rohtak
_c2025
300 _axxi, 162
650 _aMicrobiology
650 _aBiopriming
700 _aSuneja, Pooja
942 _cTH
999 _c393753
_d393753